000 01342nam a22002417a 4500
999 _c121190
_d121190
001 K121190
008 160218b2020 xxu||||| |||| 00| 0 eng d
041 _aeng
100 _aBosett, Nicolas
245 _aBuilding for a new urban mobility
260 _aLondon
_bCentre for London
_c2020
300 _a83p
520 _aPromotes the case for a policy-led approach termed “New Urban Mobility” – the harnessing of technology to enable active travel, public transport use, the cleanest vehicle technology and minimal use of private cars. Uses 10 principles (emerging from research and practice) to enable adaptive and sustainable development: 1. Base masterplans on active travel and public transport, 2. Use street layouts to prioritise active travel,3. Limit parking provision, and locate strategically, 4. Enable easy interchanging, 5 Provide electric charging infrastructure, 6. Consolidate local freight, 7. Offer shared mobility service memberships, 8. Ensure buildings are easily adaptable, 9. Future-proof parking and creates 10. Create dynamic streetscapes
650 _aPublic transport
650 _aElectric cars
650 _aCharging points
650 _aValue the planet
651 _aUnited Kingdom 1973
690 _96246
_aInfrastructure
700 _aWills, Joe
700 _aBelcher, Erica
942 _n0